Diagnostika marketingovej konkurencieschopnosti firmy

Gespeichert in:
Bibliographische Detailangaben
1. Verfasser: Majtán, Štefan
Format: Buchkapitel
Sprache:Slowakisch
Tags: Tag hinzufügen
Keine Tags, Fügen Sie das erste Tag hinzu!

MARC

LEADER 00000naa$a2200000$$$4500
001 0060472
005 20240502083143.3
041 0 |a slo 
044 |a CZ 
245 1 0 |a Diagnostika marketingovej konkurencieschopnosti firmy  |c Štefan Majtán 
100 1 |a Majtán, Štefan